Qual jogador é, pelos clubes que jogou. - Statistics

Estatísticas Gerais
  • Esse quiz foi jogado 121 vezes
  • A pontuação média é 8 de 15
Estatísticas das Respostas
Hint Resposta % Correto
América-MG > Santos > Porto-POR > Real Madrid-ESP > Manchester City-ING > Juventus- ITA Danilo
76%
Coritiba > Palmeiras > Athlético-PR > Palmeiras Raphael Veiga
74%
Cruzeiro > Uberlandia > Itumbiara > Goias > Wolfsburg-ALE > Santos > Flamengo Bruno Henrique
71%
Vitoria > Kawasaki Frontale-JAP > Sapporo-JAP > Tokyo Verdy-JAP > Porto-POR > Zenit-RUS > Shangai Port-CHiN > Atlético-MG Hulk
65%
Fluminense > Flamengo > Benfica-POR > Gremio > Palmeiras > Atlético-MG > Vasco > Al Littihad-ARA > Cruzeiro > Metalist-UCR > Sport > Fluminense > Sport > São Paulo > Botafogo-RJ > Gremio Diego Souza
62%
Santos > São Paulo > Sevilla-ESP > Amiens-FRA > Fluminense Ganso
60%
Corinthians > CSKA-RUS > Manchester City-ING > Everton-ING > Galatasaray-TUR> Internacional > Atlético-MG > Al Shabab-EAU > Jiangsu suning-CHIN > Corinthians > Nagoya Grampus-JAP > Corinthians
59%
Corinthians > PSV-HOL > Vitória > PSV-HOL > Vasco > Wolfsburg-ALE > Vasco > Corinthians Fagner
56%
Inter de Limeira-SP > Internacional > Sport > Santos > Palmeiras > Fortaleza Lucas Lima
56%
Corinthians > Remo > Oeste > América-RN > Botafogo-SP > Portuguesa-SP > Athletico-PR > Palmeiras Weverton
55%
Liverpool-URU > Aragua-VEN > Godoy Cruz-ARG > River Plate-ARG > Puebla-MEX > River Plate-ARG >Monterrey-MEX > Santos Sanchez
35%
Fluminense > Internacional > Caxias > Paraná > Goiás > Ituano > Nautico > Ceara > Cruzeiro > Vitoria > Changchun Yatai-CHIN > Grêmio > Santos > Flamengo Marinho
31%
Portuguesa-SP > Santos > Valencia-ESP > Bétis-ESP > São Paulo > Milan-ITA > Zaragoza-ESP > Bétis-ESP > Al Jazira-EAU > São Paulo > Al Wasl-EAU > Santos > Atlético-MG > Coritiba> Athletic Club-MG Ricardo Oliveira
31%
Coritiba > Junior Team-PR > Maringá > Ceará > Ferroviária-SP> Oeste-SP > Ferroviaria-SP > Goiás Tadeu
22%
Athletico-PR > Dinamo Zagreb-CRO > Athletico-PR > São Paulo > Al Wehda-ARA > Internacional > Santos > São Paulo Marcos Guilherme
17%
Nenhum quiz correspondente encontrado
Distribuição das Pontuações
Porcentagem de Pessoas com Cada Pontuação
Percentil de Números Respondidos
Sua Pontuação Histórica
Você não jogou esse quiz